Copia de una carta escrita por el abad de San Juan de la Peña don Iuan Briz Martinez al Doctor Bartolome Leonardo de Argensola, canonigo de la Metropolitana de Çaragoça, y cronista de su Magestad, y del reyno de Aragon concluyente algunos desengaños, para una nueva historia de Navarra, impressa en Pamplona en este año de 1628

Detalles Bibliográficos
Autor principal: Briz Martínez, Juan, (m. 1632)
Formato: Libro
Lenguaje:Undetermined
Spanish
Publicado: Huesca : por Pedro Bluson, 1628.
Materias:
Colección:Banco de datos
Acervo:Biblioteca Palafoxiana. Colección bibliográfica
Descripción Física:13 h. ; 4°
Tema general:Historia civil
Notas:Pie de imprenta tomado del colofón. Marca de fuego: Colegio de San Juan. Número de localización: 32206-M
LEADER 00937nam a2200181Ia 4500
008 150723s9999 xx 000 0 und d
041 0 |a spa 
050 0 |a PAFX D20 S3 
100 1 |a Briz Martínez, Juan, (m. 1632) 
245 1 0 |a Copia de una carta escrita por el abad de San Juan de la Peña don Iuan Briz Martinez al Doctor Bartolome Leonardo de Argensola, canonigo de la Metropolitana de Çaragoça, y cronista de su Magestad, y del reyno de Aragon concluyente algunos desengaños, para una nueva historia de Navarra, impressa en Pamplona en este año de 1628 
260 |a Huesca : por Pedro Bluson, 1628. 
300 |a 13 h. ; 4° 
500 |a Pie de imprenta tomado del colofón. Marca de fuego: Colegio de San Juan. Número de localización: 32206-M 
501 |a Encuadernado con 27 obras y 2 manuscritos 
650 1 0 |a Historia civil 
942 |c PALALIB 
943 |g Biblioteca Palafoxiana. Colección bibliográfica 
999 |c 1063018  |d 1063018